[Event "Olimpiade 2014 - Open"]
[Site "Tromsø"]
[Date "04.08.2014"]
[Round "3.33"]
[Board "1"]
[White "Vasquez Schroeder, Rodrigo"]
[Black "Salih, Akar Ali Salih"]
[Result "1-0"]
[WhiteTitle "GM"]
[BlackTitle "FM"]
[WhiteElo "2533"]
[BlackElo "2315"]
[WhiteTeam "Chile"]
[BlackTeam "Iraq"]
[WhiteFideId "3400042"]
[BlackFideId "4800575"]
[EventDate "2014.08.02"]

1. e4 d6 2. d4 Nf6 3. Nc3 e5 4. Nf3 Nbd7 5. Bc4 Be7 6. O-O O-O 7. Re1 c6 8. a4
h6 9. b3 exd4 10. Nxd4 Ne5 11. Bf1 Qa5 12. Qd2 Qc7 13. Ba3 Bd7 14. Rad1 Rad8 15.
Kh1 Rfe8 16. h3 Bf8 17. f4 Ng6 18. g3 Bc8 19. Bg2 a6 20. Bb2 Nh5 21. Qf2 b5 22.
axb5 axb5 23. Bf3 b4 24. Na4 Nhxf4 25. gxf4 Nxf4 26. h4 d5 27. Qg3 dxe4 28. Bxe4
c5 29. Nb5 Qb8 30. Rxd8 Rxd8 31. Rf1 Bb7 32. Qxf4 Bxe4+ 33. Qxe4 Qxb5 34. Qf3
Qd7 35. Bc1 Qe7 36. Kg2 Qxh4 37. Qxf7+ Kh8 38. Qg6 Qe7 39. Qf5 Kg8 40. Nb2 Qe2+
41. Rf2 Qe8 42. Nc4 Qc6+ 43. Rf3 Re8 44. Be3 Be7 45. Qf7+ Kh7 46. Ne5 Qa8 47.
Bxh6 Bf8 48. Bxg7 Bxg7 49. Kf2 Qc8 50. Nd7 1-0

[Event "Olimpiade 2014 - Open"]
[Site "Tromsø"]
[Date "04.08.2014"]
[Round "3.33"]
[Board "3"]
[White "Valenzuela Fuentealba, Luis"]
[Black "Mohammed, Zozek Salah Mohammed"]
[Result "1/2-1/2"]
[WhiteTitle "IM"]
[BlackTitle "CM"]
[WhiteElo "2455"]
[BlackElo "2226"]
[WhiteTeam "Chile"]
[BlackTeam "Iraq"]
[WhiteFideId "3401294"]
[BlackFideId "4803361"]
[EventDate "2014.08.02"]

1. d4 d5 2. Nf3 Nf6 3. c4 c6 4. Nc3 e6 5. e3 Nbd7 6. Qc2 Bd6 7. Bd3 dxc4 8. Bxc4
e5 9. O-O O-O 10. Bd2 Qc7 11. Bb3 exd4 12. exd4 Nb6 13. Rfe1 Nbd5 14. Nxd5 Nxd5
15. Bxd5 cxd5 16. Qxc7 Bxc7 17. Bb4 Rd8 18. Re7 Bb6 19. Bc5 Bxc5 20. dxc5 Kf8
21. Rae1 h6 22. Nd4 Bd7 23. R7e5 Bc6 24. f3 a5 25. Kf2 a4 26. Re7 Bd7 27. R7e5
Bc6 28. Re7 Bd7 29. R7e5 Bc6 30. Re7 Bd7 1/2-1/2

[Event "Olimpiade 2014 - Open"]
[Site "Tromsø"]
[Date "04.08.2014"]
[Round "3.33"]
[Board "4"]
[White "Al-Khattab, Ghassan M. Ali Ajmed"]
[Black "Salinas Herrera, Pablo"]
[Result "0-1"]
[WhiteTitle "FM"]
[BlackTitle "FM"]
[WhiteElo "2140"]
[BlackElo "2398"]
[WhiteTeam "Iraq"]
[BlackTeam "Chile"]
[WhiteFideId "4800168"]
[BlackFideId "3407128"]
[EventDate "2014.08.02"]

1. e4 c5 2. Nf3 d6 3. c3 Nf6 4. Bc4 e6 5. d3 Be7 6. O-O O-O 7. Bg5 d5 8. Bxf6
Bxf6 9. Bb3 Nc6 10. Nbd2 b5 11. Bc2 Qc7 12. Re1 b4 13. cxb4 Nxb4 14. e5 Be7 15.
Bb1 d4 16. Re4 Rb8 17. Nc4 Kh8 18. Rg4 f5 19. Rg3 Qd8 20. a3 Nd5 21. Bc2 g5 22.
Nxg5 Bxg5 23. Qh5 Bf4 24. Rh3 Rb7 25. g3 Rg7 26. Kf1 Bg5 27. Bd1 Ba6 28. Bf3 Nb6
29. b3 Bxc4 30. bxc4 Qc7 31. Bg2 f4 32. Re1 fxg3 33. hxg3 Be3 34. f4 Nd7 35. Rb1
Qxe5 36. Rb7 Bxf4 37. gxf4 Qxf4+ 38. Bf3 Qc1+ 39. Ke2 Qc2+ 40. Kf1 Qd1+ 41. Kf2
Qg1+ 42. Ke2 Rg2+ 43. Bxg2 Rf2# 0-1

[Event "Olimpiade 2014 - Open"]
[Site "Tromsø"]
[Date "04.08.2014"]
[Round "3.34"]
[Board "1"]
[White "Arias, Lemnys A."]
[Black "Smerdon, David"]
[Result "0-1"]
[WhiteTitle "IM"]
[BlackTitle "GM"]
[WhiteElo "2329"]
[BlackElo "2513"]
[WhiteTeam "El Salvador"]
[BlackTeam "Australia"]
[WhiteFideId "6700284"]
[BlackFideId "3202305"]
[EventDate "2014.08.02"]

1. e4 e6 2. d4 d5 3. Nd2 c5 4. exd5 exd5 5. Bb5+ Bd7 6. Qe2+ Be7 7. Bxd7+ Nxd7
8. dxc5 Ngf6 9. Ngf3 O-O 10. O-O Re8 11. Nb3 Nxc5 12. Be3 Nxb3 13. axb3 Bc5 14.
Qd3 Bxe3 15. fxe3 Qb6 16. Qd4 Qc7 17. Rf2 a6 18. Qf4 Rac8 19. Ra4 Qc5 20. Rd4
Re4 21. Rxe4 Nxe4 22. Rf1 Qxc2 23. Ne5 f6 24. Qf5 Re8 25. Ng4 Qxb3 26. Qd7 Qb5
27. Qxb5 axb5 28. Rd1 Rc8 0-1

[Event "Olimpiade 2014 - Open"]
[Site "Tromsø"]
[Date "04.08.2014"]
[Round "3.34"]
[Board "2"]
[White "Illingworth, Max"]
[Black "Arias, Daniel"]
[Result "0-1"]
[WhiteTitle "IM"]
[BlackTitle "FM"]
[WhiteElo "2439"]
[BlackElo "2126"]
[WhiteTeam "Australia"]
[BlackTeam "El Salvador"]
[WhiteFideId "3205207"]
[BlackFideId "6700640"]
[EventDate "2014.08.02"]

1. d4 Nf6 2. c4 g6 3. Nc3 Bg7 4. e4 d6 5. Be2 O-O 6. Bg5 c5 7. d5 h6 8. Bf4 Na6
9. Qd2 Kh7 10. Nf3 Nc7 11. O-O a6 12. a4 Rb8 13. a5 Bg4 14. Rfe1 b6 15. axb6
Rxb6 16. h3 Bxf3 17. Bxf3 Nd7 18. Bd1 Qb8 19. b3 Rxb3 20. Bxb3 Qxb3 21. Rec1
Qxc4 22. Rab1 Bxc3 23. Rxc3 Qxe4 24. Re1 Qf5 25. Rf3 Re8 26. Qa5 Nb5 27. Bxd6
Qxd5 28. Rxe7 Qd1+ 29. Qe1 Qxe1+ 0-1

[Event "Olimpiade 2014 - Open"]
[Site "Tromsø"]
[Date "04.08.2014"]
[Round "3.34"]
[Board "3"]
[White "Burgos Figueroa, Carlos E."]
[Black "Ikeda, Junta"]
[Result "1-0"]
[WhiteTitle "IM"]
[BlackTitle "FM"]
[WhiteElo "2258"]
[BlackElo "2402"]
[WhiteTeam "El Salvador"]
[BlackTeam "Australia"]
[WhiteFideId "6700187"]
[BlackFideId "3204731"]
[EventDate "2014.08.02"]

1. e4 c5 2. c4 e6 3. Nc3 Nc6 4. g3 g6 5. Bg2 Bg7 6. Nge2 Nge7 7. O-O d6 8. d3
O-O 9. Be3 Nd4 10. Qd2 Re8 11. Bh6 Bh8 12. Nxd4 cxd4 13. Ne2 Rb8 14. Rac1 b6 15.
h3 Bb7 16. g4 Qd7 17. Ng3 e5 18. f4 exf4 19. Rxf4 Nc6 20. Rcf1 Nd8 21. R4f3 Be5
22. Bg5 Rc8 23. Bf6 b5 24. b3 bxc4 25. bxc4 Re6 26. Nh5 Rc7 27. Qh6 Bxf6 28.
Nxf6+ Rxf6 29. Rxf6 Qe7 30. Qf4 Ne6 31. Qf2 Bc6 32. h4 Nf8 33. Qxd4 Ne6 34. Qf2
Be8 35. g5 Nc5 36. Qg3 Qe5 37. Qxe5 dxe5 38. Rd6 Re7 39. Rb1 Kg7 40. Rb8 Nb7 41.
Ra6 Nc5 42. Ra5 Ne6 43. Rxe5 f6 44. Rxe6 Rxe6 45. gxf6+ Kxf6 46. d4 g5 47. e5+
Kf5 48. Bd5 Re7 49. hxg5 Bh5 50. Rb7 Re8 51. Rxh7 Bg6 52. Rxa7 Kxg5 53. Kf2 Kf4
54. Ra6 Bf5 55. Rf6 Kg5 56. Ke3 Rb8 57. Be4 Bg4 58. Rg6+ Kh4 59. e6 1-0

[Event "Olimpiade 2014 - Open"]
[Site "Tromsø"]
[Date "04.08.2014"]
[Round "3.34"]
[Board "4"]
[White "Smirnov, Anton"]
[Black "Giron, Jorge Ernesto"]
[Result "1-0"]
[WhiteTitle "FM"]
[BlackTitle "CM"]
[WhiteElo "2334"]
[BlackElo "2103"]
[WhiteTeam "Australia"]
[BlackTeam "El Salvador"]
[WhiteFideId "3208923"]
[BlackFideId "6702309"]
[EventDate "2014.08.02"]

1. d4 Nf6 2. c4 c5 3. d5 b5 4. cxb5 a6 5. bxa6 Bxa6 6. Nc3 d6 7. e4 Bxf1 8. Kxf1
g6 9. g3 h5 10. h3 Bg7 11. Nf3 Na6 12. Kg2 Nb4 13. Qe2 Nd7 14. Bf4 Qc8 15. a3
Na6 16. e5 dxe5 17. Nxe5 Bxe5 18. Bxe5 O-O 19. Bf4 Re8 20. Rad1 c4 21. Kh2 Nb6
22. Be3 Nc5 23. Bd4 e5 24. Bxc5 Qxc5 25. Ne4 Qe7 26. d6 Qe6 27. d7 Red8 28. Rd6 1-0

[Event "Olimpiade 2014 - Open"]
[Site "Tromsø"]
[Date "04.08.2014"]
[Round "3.35"]
[Board "1"]
[White "Iyti, Basher"]
[Black "Rios, Cristhian Camilo"]
[Result "0-1"]
[WhiteTitle "IM"]
[BlackTitle "IM"]
[WhiteElo "2263"]
[BlackElo "2427"]
[WhiteTeam "Syria"]
[BlackTeam "Colombia"]
[WhiteFideId "7601875"]
[BlackFideId "4403940"]
[EventDate "2014.08.02"]

1. d4 Nf6 2. Nf3 d6 3. c3 Nbd7 4. Bg5 h6 5. Bh4 g5 6. Bg3 Ne4 7. Nbd2 Nxg3 8.
hxg3 Bg7 9. e3 e6 10. Bd3 Qe7 11. Qc2 c5 12. O-O-O b6 13. Kb1 Bb7 14. Bb5 cxd4
15. exd4 a6 16. Bd3 Rc8 17. Rde1 b5 18. Qb3 Nf6 19. Nf1 Nd5 20. Ne3 Nxe3 21.
Rxe3 Bd5 22. Qd1 O-O 23. g4 b4 24. cxb4 Rb8 25. a3 Rb6 26. Ka1 Rfb8 27. Rh5 Qf6
28. Qe2 Rc8 29. Rh1 Rbc6 30. Bb1 Qf4 31. Rd1 Qxg4 32. g3 Rc1 33. Qd3 f5 34. Rxc1
Rxc1 35. Nd2 Qd1 36. Qe2 Bxd4 37. Rxe6 Qc2 38. Re8+ Kg7 39. Qe7+ Kg6 40. Qxd6+
Bf6 41. Re5 Qxd2 42. Qxd5 Qc2 43. Qg8+ Kh5 44. Qf7+ Kg4 45. Re4+ Qxe4 46. f3+
Kxf3 47. Ka2 Qxb1+ 48. Kb3 Qc2+ 0-1

[Event "Olimpiade 2014 - Open"]
[Site "Tromsø"]
[Date "04.08.2014"]
[Round "3.35"]
[Board "2"]
[White "Ruiz C, Joshua D"]
[Black "Omrani, Hasan"]
[Result "1-0"]
[WhiteTitle "IM"]
[WhiteElo "2382"]
[BlackElo "2085"]
[WhiteTeam "Colombia"]
[BlackTeam "Syria"]
[WhiteFideId "4400704"]
[BlackFideId "7601735"]
[EventDate "2014.08.02"]

1. e4 e6 2. Qe2 c5 3. f4 Nc6 4. Nf3 Nge7 5. c3 d5 6. d3 b6 7. e5 Nf5 8. g3 Be7
9. Bg2 Bb7 10. O-O h5 11. Na3 a6 12. Nc2 Qc7 13. Bd2 O-O-O 14. Rfc1 Kb8 15. Rab1
Qd7 16. Be1 f6 17. exf6 Bxf6 18. b4 cxb4 19. Nxb4 Nxb4 20. Rxb4 Qd6 21. Rcb1 b5
22. a4 Bc6 23. Qf2 Rd7 24. Qb6+ Bb7 25. Qf2 Bc6 26. axb5 axb5 27. Ne5 Rb7 28. c4
Bxe5 29. fxe5 Qxe5 30. cxb5 Bd7 31. Bd2 Qf6 32. Qc5 Rc8 33. Qf2 g5 34. Ra4 Qe7
35. Bb4 Qd8 36. Rba1 Qh8 37. Ra8+ Kc7 38. Ba5+ Kd6 39. Bb4+ Kc7 40. Rc1+ Kd8 41.
Ba5+ Ke7 42. Rcxc8 Bxc8 43. Qc5+ Nd6 44. Bc7 Qe5 45. Bxd6+ Qxd6 46. Rxc8 Qxc5+
47. Rxc5 Kd6 48. d4 Ra7 49. Rc6+ Kd7 50. Ra6 Rc7 51. Bf1 g4 52. b6 Rc1 53. Ra7+
Kc6 54. Rc7+ 1-0

[Event "Olimpiade 2014 - Open"]
[Site "Tromsø"]
[Date "04.08.2014"]
[Round "3.35"]
[Board "3"]
[White "Akhras, Khaled"]
[Black "Martinez Romero, Martin"]
[Result "0-1"]
[BlackTitle "IM"]
[WhiteElo "2246"]
[BlackElo "2387"]
[WhiteTeam "Syria"]
[BlackTeam "Colombia"]
[WhiteFideId "7600909"]
[BlackFideId "4404025"]
[EventDate "2014.08.02"]

1. e4 c5 2. Nf3 e6 3. Nc3 Nc6 4. Bb5 Nge7 5. O-O a6 6. Bxc6 Nxc6 7. b3 Be7 8.
Bb2 O-O 9. d4 cxd4 10. Nxd4 b5 11. a4 b4 12. Nce2 Bb7 13. Ng3 f6 14. f4 Nxd4 15.
Bxd4 Rc8 16. Rc1 Qa5 17. Kh1 Rf7 18. Qd3 Bc5 19. c4 Bxd4 20. Qxd4 Qc7 21. Rcd1
Bc6 22. Rf2 Qb7 23. Kg1 Re8 24. Rdf1 Ref8 25. h3 Qb8 26. Kh2 Re8 27. e5 Ref8 28.
Kg1 Qc7 29. Nh5 Qd8 30. exf6 g6 31. Ng3 Qa8 32. Re1 Rxf6 33. Ne4 Rf5 34. Nd6 Rh5
35. Re5 Rh4 36. Rg5 Qd8 37. Qe5 Qf6 38. Qxf6 Rxf6 39. Rg4 Rh5 40. Re2 Rc5 41.
Re5 Rxe5 42. fxe5 Rf8 43. Rd4 Kg7 44. a5 h5 45. Rd2 g5 46. Rf2 Rf4 47. Rd2 Kg6
48. Ne8 Re4 49. Nc7 Re3 50. Nxa6 Rxb3 51. Kf2 Kf5 52. Nc5 Ra3 53. Rb2 Rxa5 54.
Nd3 b3 55. Rxb3 Ra2+ 56. Nb2 Kxe5 57. g3 Be4 58. Ke3 d5 59. cxd5 exd5 60. h4
gxh4 61. gxh4 d4+ 62. Kd2 Kf4 63. Rb4 Kf3 64. Rb3+ Kf2 65. Rb4 Kf3 66. Rb3+ Kg4
67. Rb4 Kxh4 68. Rxd4 Rxb2+ 69. Ke3 Rb3+ 70. Ke2 Kg3 71. Rxe4 h4 72. Re8 Kg2 73.
Rf8 h3 74. Rf2+ Kg3 75. Rf7 h2 0-1

[Event "Olimpiade 2014 - Open"]
[Site "Tromsø"]
[Date "04.08.2014"]
[Round "3.35"]
[Board "4"]
[White "Sanchez, Sebastian Felipe"]
[Black "Al-Tarbosh, Ward"]
[Result "1-0"]
[WhiteTitle "IM"]
[BlackTitle "FM"]
[WhiteElo "2391"]
[BlackElo "2272"]
[WhiteTeam "Colombia"]
[BlackTeam "Syria"]
[WhiteFideId "4403304"]
[BlackFideId "7601450"]
[EventDate "2014.08.02"]

1. e4 d6 2. d4 Nf6 3. Nc3 e5 4. Nge2 Nc6 5. f3 Nh5 6. Be3 Be7 7. d5 Nb8 8. Qd2
h6 9. O-O-O Bg5 10. g4 Bxe3 11. Qxe3 Nf6 12. h4 h5 13. g5 Ng8 14. f4 exf4 15.
Nxf4 Qe7 16. Bh3 Bxh3 17. Qxh3 Nd7 18. g6 f6 19. Nb5 Nf8 20. Rhg1 Qd7 21. Ne6
Nxe6 22. Qxe6+ Kd8 23. Nd4 Nh6 24. Qxd7+ Kxd7 25. Ne6 Rag8 26. Rdf1 Ng4 27. Rf5
Rh6 28. Nf4 Ke7 29. Rxh5 Rgh8 30. Rxh6 Nxh6 31. Ne6 f5 32. Nxg7 fxe4 33. Ne6 Nf5
34. g7 Rg8 35. h5 Kf7 36. Rf1 Kf6 37. h6 Kg6 38. Rxf5 Kxh6 39. Rf8 Kh7 40. Kd2 1-0

[Event "Olimpiade 2014 - Open"]
[Site "Tromsø"]
[Date "04.08.2014"]
[Round "3.36"]
[Board "1"]
[White "Warner, Delisle"]
[Black "Zhang, Zhong"]
[Result "0-1"]
[WhiteTitle "IM"]
[BlackTitle "GM"]
[WhiteElo "2243"]
[BlackElo "2611"]
[WhiteTeam "Barbados"]
[BlackTeam "Singapore"]
[WhiteFideId "11100109"]
[BlackFideId "8600694"]
[EventDate "2014.08.02"]

1. d4 Nf6 2. c4 e6 3. Nc3 Bb4 4. f3 d5 5. a3 Bxc3+ 6. bxc3 c5 7. cxd5 Nxd5 8.
dxc5 Qa5 9. e4 Ne7 10. Be3 f5 11. Qb3 Nbc6 12. Bd3 Bd7 13. Ne2 Ne5 14. Bc2 Qa6
15. Rb1 Nd3+ 16. Bxd3 Qxd3 17. c4 Qxb3 18. Rxb3 fxe4 19. fxe4 O-O-O 20. O-O Ba4
21. Rb4 Bc6 22. Bg5 Rd7 23. Bxe7 Rxe7 24. Nc3 a6 25. Rd1 h5 26. Rb2 h4 27. Rf2
Kc7 28. Nd5+ exd5 29. cxd5 Rd7 30. d6+ Kc8 31. e5 Re8 32. Re1 Re6 33. Rf4 Rd8
34. Rxh4 Rde8 35. Rh5 Rg6 36. g3 Kd7 37. Kf2 Rf8+ 38. Ke3 Ke6 39. Rh4 Rf3+ 40.
Kd2 Rxa3 41. Rh8 Rg4 42. Re3 Rxe3 43. Kxe3 Re4+ 44. Kd3 Rxe5 45. Kd4 Re4+ 46.
Kd3 Kd5 47. Rh7 Bb5+ 48. Kc3 Rg4 49. Rh5+ Kc6 50. Re5 g6 51. Kb3 Rd4 52. Rg5 a5
53. Rxg6 Kxc5 54. h4 Rxd6 55. Rg7 Rd7 56. Rg5+ Rd5 57. Rg7 Bc4+ 58. Ka4 b6 59.
g4 Rd2 60. Rc7+ Kd4 0-1

[Event "Olimpiade 2014 - Open"]
[Site "Tromsø"]
[Date "04.08.2014"]
[Round "3.36"]
[Board "2"]
[White "Gong, Qianyun"]
[Black "Husbands, Orlando"]
[Result "1-0"]
[WhiteTitle "WIM"]
[BlackTitle "FM"]
[WhiteElo "2328"]
[BlackElo "2118"]
[WhiteTeam "Singapore"]
[BlackTeam "Barbados"]
[WhiteFideId "8602425"]
[BlackFideId "11101644"]
[EventDate "2014.08.02"]

1. e4 c5 2. Nf3 d6 3. d4 cxd4 4. Qxd4 Bd7 5. c4 Nc6 6. Qe3 g6 7. Nc3 Bh6 8. Qd3
Bg7 9. h3 Nf6 10. Be2 O-O 11. Rb1 Rc8 12. O-O a6 13. b3 Ne8 14. Bb2 Nc7 15. Qd2
f5 16. Rbd1 fxe4 17. Nxe4 Bxb2 18. Qxb2 Bf5 19. Ng3 Ne6 20. Nh4 Ne5 21. f4 Qb6+
22. Kh2 Nc6 23. Nhxf5 gxf5 24. Bf3 Nc7 25. Nh5 Rf7 26. Bxc6 Qxc6 27. Rd3 e5 28.
fxe5 dxe5 29. Qxe5 Qe6 30. Rg3+ Kf8 31. Qc5+ Qe7 32. Qd4 Ke8 33. Ng7+ Kf8 34.
Nxf5 1-0

[Event "Olimpiade 2014 - Open"]
[Site "Tromsø"]
[Date "04.08.2014"]
[Round "3.36"]
[Board "3"]
[White "Denny, Kevin"]
[Black "Tin, Jingyao"]
[Result "0-1"]
[WhiteTitle "IM"]
[BlackTitle "FM"]
[WhiteElo "2261"]
[BlackElo "2251"]
[WhiteTeam "Barbados"]
[BlackTeam "Singapore"]
[WhiteFideId "11100028"]
[BlackFideId "5804418"]
[EventDate "2014.08.02"]

1. e4 c5 2. Nf3 e6 3. c3 d5 4. exd5 Qxd5 5. d4 Nf6 6. Na3 Be7 7. Be3 cxd4 8. Nb5
Na6 9. Qxd4 b6 10. Be2 O-O 11. O-O Bc5 12. Qxd5 Nxd5 13. Bd2 Nac7 14. Nxc7 Nxc7
15. b4 Be7 16. c4 f6 17. Nd4 Bb7 18. Rab1 Rfd8 19. Be3 Be4 20. Rb2 e5 21. Nf3
Ne6 22. Rd1 Rxd1+ 23. Bxd1 Rd8 24. Nd2 Bb7 25. Bg4 Kf7 26. h3 Bc6 27. Bf3 Bxf3
28. Nxf3 Rd1+ 29. Kh2 e4 30. Nd2 f5 31. g3 g5 32. c5 f4 33. cxb6 fxe3 34. fxe3
axb6 35. Nxe4 Rd3 36. Rf2+ Kg6 37. Rf3 Nd4 0-1

[Event "Olimpiade 2014 - Open"]
[Site "Tromsø"]
[Date "04.08.2014"]
[Round "3.36"]
[Board "4"]
[White "Lee, Qing Aun"]
[Black "Del Castilho, Martyn"]
[Result "1-0"]
[BlackTitle "FM"]
[WhiteElo "1893"]
[BlackElo "2221"]
[WhiteTeam "Singapore"]
[BlackTeam "Barbados"]
[WhiteFideId "5804167"]
[BlackFideId "11100400"]
[EventDate "2014.08.02"]

1. e4 c5 2. Nf3 Nc6 3. d4 cxd4 4. Nxd4 e5 5. Nb5 d6 6. N1c3 a6 7. Na3 b5 8. Nd5
Nge7 9. Bg5 h6 10. Bxb5 hxg5 11. Nxe7 axb5 12. Nxc6 Qd7 13. Nb4 Ra4 14. c3 d5
15. Nac2 dxe4 16. Qe2 Qb7 17. O-O-O Be6 18. b3 Ra8 19. h3 Be7 20. Kb2 O-O 21.
Rhe1 Qa7 22. Ra1 Bxb4 23. cxb4 Rfc8 24. Rec1 Bf5 25. g4 Bg6 26. Qe3 Qe7 27. a3
Rc6 28. Ne1 Rac8 29. Rxc6 Rxc6 30. Rc1 Rxc1 31. Qxc1 Qd8 32. Nc2 f6 33. Qe3 Qd5
34. Qc5 Qd2 35. a4 bxa4 36. bxa4 Kh7 37. a5 Kh6 38. Qe3 Qd5 39. a6 Bf7 40. Qa3
Be8 41. a7 Bc6 42. Qb3 Qb5 43. Qg8 1-0

[Event "Olimpiade 2014 - Open"]
[Site "Tromsø"]
[Date "04.08.2014"]
[Round "3.37"]
[Board "1"]
[White "Wang, Puchen"]
[Black "Olape, Bunmi"]
[Result "1/2-1/2"]
[WhiteTitle "IM"]
[BlackTitle "IM"]
[WhiteElo "2449"]
[BlackElo "2273"]
[WhiteTeam "New Zealand"]
[BlackTeam "Nigeria"]
[WhiteFideId "4300904"]
[BlackFideId "8500290"]
[EventDate "2014.08.02"]

1. d4 d5 2. c4 c6 3. Nf3 Nf6 4. Nc3 e6 5. Bg5 Be7 6. e3 Nbd7 7. Bd3 O-O 8. O-O
dxc4 9. Bxc4 c5 10. Qe2 a6 11. a4 b6 12. Rfd1 Qe8 13. d5 exd5 14. Bxd5 Ra7 15.
Bc6 Bd8 16. Bxf6 Bxf6 17. Ne4 Qe7 18. Rac1 Rc7 19. Bd5 Be5 20. h3 Nf6 21. Nxe5
Qxe5 22. Nxf6+ Qxf6 23. b3 h6 24. Rd2 Rd8 25. Rcd1 Rcd7 26. f4 Kf8 27. Kh2 Re8
28. Qf3 Red8 29. Qf2 Qc3 30. Rd3 Qb4 31. Qc2 b5 32. Bc6 Rxd3 33. Rxd3 Rxd3 34.
Qxd3 Ke7 35. axb5 axb5 36. Bxb5 Be6 37. Bc4 Bxc4 38. bxc4 g6 39. Qd5 Kf8 40. e4
Kg8 41. e5 Qb6 42. Qd7 Qa6 43. Qd5 Qc8 44. Qd3 Kg7 45. Kg3 h5 46. Kf2 Qe6 47.
Ke3 Qa6 48. Kf3 Qb7+ 49. Kg3 Qc8 50. Qd6 Qf5 51. Kf3 Kg8 52. Qd8+ Kh7 53. Qd5
Kg7 54. Qe4 Qd7 55. Kg3 Qd2 56. Kh2 Qf2 57. Kh1 Qf1+ 58. Kh2 Qf2 59. Qf3 Qd4 60.
Qf1 Qe4 61. h4 Qd4 62. Kg3 Qe3+ 63. Kh2 Qd4 64. g3 Qe4 65. Kh3 Qf5+ 66. Kh2 Qe4
67. Kg1 Qd4+ 68. Kg2 Qe4+ 69. Kf2 Qd4+ 70. Kf3 Qc3+ 71. Kg2 Qc2+ 72. Kg1 Qc3 73.
Kf2 Qd4+ 74. Kg2 Qe4+ 75. Kg1 Qd4+ 76. Kh2 Qe4 77. Kg1 Qd4+ 78. Kg2 Qe4+ 79. Kh3
Qf5+ 80. Kh2 Qc2+ 81. Kg1 Qe4 82. Qc1 Qd4+ 83. Kh2 Qf2+ 84. Kh3 Qe2 85. Qc3 Qf1+
86. Kh2 Qf2+ 87. Kh1 1/2-1/2

[Event "Olimpiade 2014 - Open"]
[Site "Tromsø"]
[Date "04.08.2014"]
[Round "3.37"]
[Board "2"]
[White "Kigigha, Bomo"]
[Black "Dive, Russell John"]
[Result "1-0"]
[WhiteTitle "CM"]
[BlackTitle "IM"]
[WhiteElo "2197"]
[BlackElo "2318"]
[WhiteTeam "Nigeria"]
[BlackTeam "New Zealand"]
[WhiteFideId "8500037"]
[BlackFideId "4300106"]
[EventDate "2014.08.02"]

1. c4 c5 2. g3 g6 3. Nc3 Bg7 4. Bg2 Nc6 5. Nf3 e5 6. O-O Nge7 7. d3 O-O 8. Be3
d6 9. Qc1 Nf5 10. Bg5 f6 11. Bd2 Rb8 12. Rb1 Be6 13. a3 a5 14. Re1 Qd7 15. Ne4
b5 16. b3 Kh8 17. Nc3 b4 18. Nb5 g5 19. h3 Rxb5 20. cxb5 Ncd4 21. a4 Bxb3 22.
Nxd4 Nxd4 23. e3 Bxa4 24. exd4 Bxb5 25. dxc5 dxc5 26. Qxc5 Bxd3 27. Ra1 b3 28.
Bc3 a4 29. Red1 Rc8 30. Rxd3 1-0

[Event "Olimpiade 2014 - Open"]
[Site "Tromsø"]
[Date "04.08.2014"]
[Round "3.37"]
[Board "3"]
[White "Li, Zuhao Luke"]
[Black "Ajibowo, Olamide Patrick"]
[Result "1-0"]
[WhiteTitle "FM"]
[BlackTitle "FM"]
[WhiteElo "2365"]
[BlackElo "2168"]
[WhiteTeam "New Zealand"]
[BlackTeam "Nigeria"]
[WhiteFideId "4303431"]
[BlackFideId "8500444"]
[EventDate "2014.08.02"]

1. Nf3 c5 2. e3 Nf6 3. c4 a6 4. Nc3 e6 5. d4 cxd4 6. exd4 Bb4 7. Bd3 d5 8. O-O
O-O 9. Bg5 dxc4 10. Bxc4 b5 11. Bd3 Bb7 12. a4 bxa4 13. Nxa4 Nbd7 14. Qe2 a5 15.
Rfd1 Bd5 16. Ne5 Qb8 17. Nc3 Bb3 18. Rdc1 Bd6 19. f4 Qb6 20. Kh1 Rfc8 21. Ne4
Bxe5 22. dxe5 Nxe4 23. Bxe4 Bd5 24. Bxd5 exd5 25. Rd1 Rc5 26. Be7 Rb5 27. Ba3
Re8 28. Rac1 h6 29. Qf3 Qe6 30. Qd3 Reb8 31. Bd6 Rb3 32. Qxd5 Qxd5 33. Rxd5 R8b7
34. Ba3 Kh7 35. Rxa5 Re3 36. Kg1 g5 37. fxg5 Nxe5 38. gxh6 Rd7 39. Rac5 Re4 40.
R5c2 Rd5 41. h3 Kxh6 42. Rf1 Re3 43. Bb4 Kg6 44. Bc3 f5 45. Rcf2 Nd3 46. Rd2 f4
47. Kh2 Kf5 48. Bg7 Ke4 49. Rc2 Rg5 50. Bh6 Rf5 51. b3 Ne5 52. b4 Rb3 53. Re2+
Kd3 54. Ref2 f3 55. Bg7 Rxb4 56. Bxe5 Rxe5 57. Rxf3+ 1-0

[Event "Olimpiade 2014 - Open"]
[Site "Tromsø"]
[Date "04.08.2014"]
[Round "3.37"]
[Board "4"]
[White "Balogun, Oluwafemi"]
[Black "Hague, Ben"]
[Result "1-0"]
[WhiteTitle "CM"]
[BlackTitle "FM"]
[WhiteElo "2187"]
[BlackElo "2320"]
[WhiteTeam "Nigeria"]
[BlackTeam "New Zealand"]
[WhiteFideId "8501246"]
[BlackFideId "405647"]
[EventDate "2014.08.02"]

1. e4 d5 2. exd5 Qxd5 3. Nc3 Qa5 4. d4 Nf6 5. Nf3 c6 6. Ne5 Bf5 7. g4 Be4 8. Nc4
Qc7 9. Nxe4 Nxe4 10. Qf3 Nf6 11. g5 Nd5 12. Bd2 Nd7 13. Bd3 e6 14. c3 Be7 15. h4
b5 16. Ne3 N7b6 17. Nxd5 Nxd5 18. O-O-O Bd6 19. h5 O-O-O 20. Rh4 Kb8 21. Kb1 a6
22. c4 bxc4 23. Bxc4 Ka7 24. Re4 Rb8 25. g6 hxg6 26. hxg6 Rhf8 27. gxf7 Rxf7 28.
Qe2 Bb4 29. Rxe6 Bc3 30. b3 Bxd2 31. Bxd5 Qa5 32. Rxc6 Rd7 33. Bc4 1-0

[Event "Olimpiade 2014 - Open"]
[Site "Tromsø"]
[Date "04.08.2014"]
[Round "3.38"]
[Board "1"]
[White "Khairallah, Faisal"]
[Black "Wiedenkeller, Michael"]
[Result "0-1"]
[WhiteTitle "FM"]
[BlackTitle "IM"]
[WhiteElo "2307"]
[BlackElo "2471"]
[WhiteTeam "Lebanon"]
[BlackTeam "Luxembourg"]
[WhiteFideId "4628250"]
[BlackFideId "1700146"]
[EventDate "2014.08.02"]

1. c4 Nf6 2. Nc3 e6 3. e4 d5 4. e5 d4 5. exf6 dxc3 6. bxc3 Qxf6 7. Nf3 e5 8. d4
exd4 9. Bg5 Qe6+ 10. Be2 Be7 11. cxd4 Bxg5 12. Nxg5 Qf6 13. Ne4 Qh4 14. Nc3 O-O
15. O-O Nc6 16. Nb5 Qd8 17. d5 Ne7 18. Qb3 a6 19. Nc3 b6 20. Rad1 Nf5 21. d6
Nxd6 22. c5 bxc5 23. Bf3 Be6 24. Qa3 Rb8 25. Ne4 Rb6 26. Nxc5 Bc4 27. Rfe1 Re8
28. Na4 Rb8 29. Nc5 Rb6 30. Na4 Rxe1+ 31. Rxe1 Rb8 32. Nc5 Rb6 33. Na4 Nb5 34.
Qc1 Re6 35. Rd1 Rd6 36. Re1 Bxa2 37. Nc5 Bd5 38. Bxd5 Rxd5 39. Nxa6 h6 40. Nb4
Rd6 41. Nc6 Qd7 42. Ne7+ Kf8 43. Qc5 Nd4 44. Nd5 Ne6 45. Qa3 Kg8 46. Ne3 Nd4 47.
h3 Ne6 48. Rb1 Rb6 49. Rd1 Rd6 50. Rb1 Rb6 51. Rd1 Qe8 52. Nc4 Rb8 53. Ne3 Qb5
54. Qa7 Qb6 55. Qa4 Qb5 56. Qa7 Qb7 57. Qa4 Ra8 58. Qg4 c5 59. Nf5 Kf8 60. h4
Qc7 61. g3 Rd8 62. Rc1 Qe5 63. Ne3 Nd4 64. h5 f5 65. Qd1 f4 66. gxf4 Qxf4 67.
Kf1 Qh4 68. Kg1 Qg5+ 69. Kf1 Kg8 70. Rb1 Rf8 71. Ng2 Qf5 72. f4 Qh3 73. Kf2 Re8
74. Rb2 Kh8 75. Rd2 Qf5 76. Qh1 Qd5 77. Qd1 Rf8 78. Qg4 Qf5 79. Kg3 Qe4 80. Rf2
c4 81. Nh4 Nf5+ 82. Nxf5 Qxf5 83. Qxf5 Rxf5 84. Kg4 Rc5 85. f5 Kg8 86. Kf4 c3
87. Rc2 Kf7 88. Ke4 Kf6 0-1